| 000 | 00716nam a2200229Ia 4500 | ||
|---|---|---|---|
| 003 | OSt | ||
| 005 | 20220923230743.0 | ||
| 006 | a|||||r|||| 00| 0 | ||
| 007 | ta | ||
| 008 | Pun | ||
| 024 | _a305,298 | ||
| 037 | _cTextual | ||
| 040 |
_aARTS _cARTS _bPun |
||
| 041 |
_2Pun _aPun |
||
| 082 | _aQ8441xK21, 153L6 | ||
| 100 |
_aਮੋਹਨਜੀਤ; ਸਾਗਰ, ਸਬਿੰਦਰਜੀਤ, ਥਦ. _9169161 |
||
| 245 | 0 |
_aਗੁਰੂ ਤੇਗ ਬਹਾਦਰ _b ਜੀਵਨ ਅਤੇ ਸਿਰਜਣਾ |
|
| 260 | _c1976 | ||
| 650 | _aਧਰਮ | ||
| 942 |
_hQ8441xK21, 153L6 _cTEXL _2CC |
||
| 999 |
_c387101 _d387101 |
||